000 00625nam a22002297a 4500
003 UA-OsUOA
001 82364
007 ta
008 20120303b un ||||| |||| 00| 0 ukr d
100 _aБольшак В.Г.
090 _a821.161.2
_bБ79
942 _cBK
040 _aUA-OsUOA
_bukr
_cUA-OsUOA
_dUA-OsUOA
245 _aСпівати в гаю солов'ям
_bвибрані твори
300 _a542 с.
955 _a3
041 _aukr
080 _a821.161.2
260 _aК.
_bДніпро
_c1982
650 7 _a82 Література. Літературознавство
_2UDC
999 _c368669
_d368669